A Massage Therapist's gouide to lower back and pelvic Pain. (Record no. 4169)

MARC details
000 -LEADER
fixed length control field 00526nam a22001817a 4500
003 - CONTROL NUMBER IDENTIFIER
control field OSt
005 - DATE AND TIME OF LATEST TRANSACTION
control field 20160526142848.0
008 - FIXED-LENGTH DATA ELEMENTS--GENERAL INFORMATION
fixed length control field 160526b xxu||||| |||| 00| 0 eng d
020 ## - INTERNATIONAL STANDARD BOOK NUMBER
International Standard Book Number 9780443102189
040 ## - CATALOGING SOURCE
Transcribing agency DLMN.
082 ## - DEWEY DECIMAL CLASSIFICATION NUMBER
Classification number QV4C34m 2007.
100 ## - MAIN ENTRY--PERSONAL NAME
Personal name Chaitow,Leon;Fritz,Sandy.
9 (RLIN) 8985
245 ## - TITLE STATEMENT
Title A Massage Therapist's gouide to lower back and pelvic Pain.
260 ## - PUBLICATION, DISTRIBUTION, ETC. (IMPRINT)
Place of publication, distribution, etc. New York.,London;
Name of publisher, distributor, etc. Churchill,Livingstone.
Date of publication, distribution, etc. 2007.
504 ## - BIBLIOGRAPHY, ETC. NOTE
Bibliography, etc Includes index and Glossary.
650 ## - SUBJECT ADDED ENTRY--TOPICAL TERM
Topical term or geographic name as entry element Pharmacy.
9 (RLIN) 8986
942 ## - ADDED ENTRY ELEMENTS (KOHA)
Source of classification or shelving scheme Other/Generic Classification Scheme
Koha item type Open Shelf
Holdings
Withdrawn status Lost status Source of classification or shelving scheme Damaged status Not for loan Home library Current library Date acquired Source of acquisition Inventory number Total Checkouts Full call number Barcode Date last seen Price effective from Koha item type
    Other/Generic Classification Scheme     MUST Main Library MUST Main Library 26/05/2016   11/33258   QV4C34m 2007. 2016-2153 26/05/2016 26/05/2016 Open Shelf